| 000 | 01809nam0a2200361 4500 | ||
|---|---|---|---|
| 001 | RU\NLR\BIBL_A\022618097 | ||
| 005 | 20260420053118.0 | ||
| 010 |
_a978-5-00222-939-0 _9500 |
||
| 021 |
_aRU _bКН-П-25-042237 _9КН-П-25-4110 |
||
| 035 | _a(NLR Aleph) 022618097 | ||
| 090 |
_a13683998 _c13683998 |
||
| 100 | _a20250910d2025 u y0rusy50 ca | ||
| 101 | 0 | _arus | |
| 102 | _aRU | ||
| 105 | _aachbz 010zb | ||
| 181 | 0 |
_ai3 _baxxe |
|
| 182 | 0 | _an | |
| 200 | 1 |
_aМинистр Александр Ишков _eк 120-летию со дня рождения _eсборник _f[Региональная общественная организация ветеранов труда и работников рыбной отрасли _gавтор-составитель: В. К. Зиланов] |
|
| 203 |
_aТекст _bвизуальный _cнепосредственный |
||
| 210 |
_aМосква _cРодина _d2025 |
||
| 215 |
_a286, [1] с. _cил., табл., портр., факс., карты _d24 |
||
| 320 | _aБиблиогр.: с. 286-287 и в тексте | ||
| 333 | _a16+ | ||
| 600 | 1 |
_aИшков _bА. А. _f1905 - 1988 _gАлександр Акимович _jСборники _92679138 _3RU\NLR\AUTH\6601760567 |
|
| 686 | 1 | _aУ35(2)1-212.113д | |
| 702 | 1 |
_aИшков _bА. А. _f1905-1988 _gАлександр Акимович _4280 |
|
| 702 | 1 |
_aЗиланов _bВ. К. _f1938- _gВячеслав Константинович _4220 |
|
| 712 | 0 | 2 |
_4570 _aРегиональная общественная организация ветеранов труда и работников рыбной отрасли _cМосква _92676892 _3RU\NLR\AUTH\880630940 |
| 942 | _cBOOK | ||
| 980 | _aNB | ||